| 000 | 00913cam a22002413a 4500 | ||
|---|---|---|---|
| 001 | 23761 | ||
| 003 | PGUSA | ||
| 005 | 20140828083515.0 | ||
| 008 | 071207s2007||||xxu|||||s|||||000 | eng d | ||
| 040 |
_aPGUSA _beng |
||
| 042 | _adc | ||
| 050 | 4 | _aPN | |
| 100 | 1 |
_aHubbard, Elbert, _d1856-1915 |
|
| 245 | 1 | 0 |
_aLittle Journeys to the Homes of the Great, Volume 7 : _bLittle Journeys to the Homes of Eminent Orators _h[electronic resource] / _cElbert Hubbard |
| 260 |
_bProject Gutenberg, _c2007 |
||
| 505 | 0 | _aPericles -- Mark Antony -- Savonarola -- Martin Luther -- Edmund Burke -- William Pitt -- Jean Paul Marat -- Robert Ingersoll -- Patrick Henry -- Starr King -- Henry Ward Beecher -- Wendell Phillips. | |
| 506 | _aPublic domain in the USA. | ||
| 516 | _aElectronic text | ||
| 653 | _aOrators | ||
| 830 | 0 |
_aProject Gutenberg _v23761 |
|
| 856 | 4 | 0 | _uhttp://www.gutenberg.org/ebooks/23761 |
| 942 | _cEB | ||
| 999 |
_c253016 _d253016 |
||